000 00898nam a22002657a 4500
005 20170123162340.0
010 _aA-645366
020 _c45.00
035 _aA-645366
037 _bCen Lib/Ret
040 _aDPL
_bUR
082 _a270.2
_bب د ر
100 _aبدر الدین الحافظ
_9115272
245 _a مقالات الحافظ قرآنیات /
_bبدر الدین الحافظ
246 _aMuqalaat al-Hafiz Quraniyat /
_bby Badru-Uddin-Alhafiz
260 _aنیی دہلی
_bمکتبہ جامہ لمیٹڈ
_c1993
270 _bنیی دہلی
_aجامہ نگر
_e110025
300 _a140p.
_c21cm(Hb)
500 _aاشاریہ
650 _aمذہب -- اسلام
_9126924
650 _aکہانیاں - قرآن
_9530
650 _aReligion -- Islam
_992070
650 _aStories -- Quranic
_9126925
942 _2ddc
_cUR
_h270.2
_mب د ر
999 _c108477
_d108477